000 03530nam a2200289 i 4500
001 000008408
003 DO-SdBNP
005 20250630100925.0
008 101224s2002 dr 000 fbspa d
040 _aDO-SdBNP
_bspa
_cBNPHU
_erda
082 4 _a923.17293
_bT866C
_222
100 1 _aCollado, Lipe,
_d1947-
_eautor
_979819
245 1 0 _aAnécdotas y crueldades de Trujillo /
_cLipe Collado.
250 _a
264 _aSanto Domingo :
_bCollado,
_c2002.
300 _a247 páginas ;
_c21 cm.
336 _ardacontent
_btexto
_2txt
337 _ardamedia
_bsin mediación
_2n
338 _ardacarrier
_bvolumen
_2nc
505 _aPresentación 5|La vida de Trujillo I-XXII|Las casas del Jefe 7|Gustos del tirano Trujillo 9|Sabía que lo matarían 11|Un muerto dando tumbos 15|Prohibido pitar 18|Una prostituta en el palacio 20|Una orden capicúa 24|Miedo al 13 27|Un carro sospechoso 29|Yo no quiero estar vivo 31|¿Y quién se atrevía? 33|¿Un disparo a Trujillo? 27|¿Feliz navidad? 40|¿Y van a seguir? 41|Fiesta en la casa enlutada 45|Ni flores, ni abrazos ni besos 47|Trujillo era avispado 49|Servicio doméstico 51|¡Perder el miedo! 53|El primer músico de la república 55|Una broma del tirano 58|Secuela de una conspiración 61|El jefe: de la bacinilla al catre 63|¡Prohibido retratar la papada! 68|El cantaclaro de Trujillo 71|Un psicópata llamado Trujillo 73|Trujillo se define 75|Una composición a la madre 76|Mi hija es suya 78|Es un maricón ... 80|Mi mujer y yo 83|Intrigantes profesionales 86|Dos problemas 89|Un preso con Trujillo 104|Abuelito tierno y bueno 106|¡Cobarde! ¡Pendejo! 108|Guisando un pollo 112|Colchones adinerados 114|La casa del cerro 116|La justicia del jefe 119|El epitafio de Trujillo 112|Flores en la tumba del jefe 124|Ropa y figura 129|Los brujos de Trujillo 131|Probando fidelidad 135|Un homenaje intolerable 139|Bolitas negras amanecieron blancas 141|La comprita de Trujillo 143|¡Mátenla, coño! 144|Un semicírculo siniestro 146|El tirano arrodillado 148|¿Quería Morir? 153|Las pullitas del tirano 156|¡Qué accidente más raro! 159|Los acorralados 162|Servicio especiales 165|Servicio especial 168|Trujillo no comió guandules 170|¿Qué hace usted aquí? 173|El susto de don Panchito 176|Especialización por aquí 179|Papeletas al granel 181|Trujillo: abuelito apoyador 183|Una ofensa al ejército 185|Una cartilla cívica 187|Nadie encima de él 190|...porque no saludó al jefe... 192|Por orden superior 194|Una fábrica de papeletas 196|Obsesión amorosa 198|Un gancho de Trujillo 201|Un abogado en obras públicas 203|Una inspiración del jefe 205|Invitación falsa 208|¿Quién es ese preso? 210|A los cinco días 212|La finca de un desafecto 214|Plátanos barahoneros por decreto 216|Brindo por el trabajo 218|Formando un partido 220|Lo renunciaron 223|Gobernador de Santiago 225|Rechazo a los prietos 227|El médico Trujillo 229|Un azaroso a Roma 231|Prohibido aplaudir 233|Las ametralladoras de Trujillo 235|Un donativo improcedente 237|Un repentismo curioso 240|Los tres sirenazos 242|Zanini resiste 243|Hasta a su mujer y a su madre 246|
590 _aInventariado, 2024/DG
600 1 0 _aTrujillo Molina, Rafael Leónidas,
_d1891-1961
_vAnécdotas, chistes y sátiras, etc.
_922667
651 4 _aRepública Dominicana
_xPolítica y gobierno
_y1930-1961
_vAnécdotas, chistes y sátiras, etc.
_922668
651 0 _aRepública Dominicana
_xHistoria
_yEra de Trujillo, 1930-1961
_vAnécdotas, chistes y sátiras, etc.
_978796
910 _aDG
942 _2ddc
_cLBS1
999 _c57954
_d57954